Top 10 Best CFB Teams Since 2000 - Statistics

General Stats
  • This quiz has been taken 307 times
  • The average score is 7 of 10
Answer Stats
% Team % Correct
.781 Alabama
96%
.845 Ohio State
91%
.779 Georgia
88%
.703 Texas
78%
.742 Clemson
70%
.745 LSU
69%
.739 Oregon
62%
.706 USC
60%
.787 Oklahoma
56%
.805 Boise State
24%
No matching quizzes found
Score Distribution
Percent of People with Each Score
Percentile by Number Answered
Your Score History
You have not taken this quiz